000 00601nab a2200229 a 4500
001 57381
003 128611
005 20201118103321.0
008 ||||||n9999 ||| || ||
041 _aspa
245 0 _aRama Judicial, se amplia la cobertura de la bonificacion por compensacion
260 _aBogotá :
_bLegis,
_c1998.
300 _app.56
562 _e0
650 _aBONIFICACIONES
650 _aCOLOMBIA
650 _aFUNCIONARIOS JUDICIALES
650 _aPODER JUDICIAL
650 _aREGLAMENTO
773 _055074
_aLegislación - Tomo 93 No.1099 (1998)
942 _cSART
999 _c57381
_d57381